Reflexiones para retomar el crecimiento : (Registro nro. 8792)

Detalles MARC
000 -LEADER
fixed length control field 02458nam a2200277Ia 4500
003 - CONTROL NUMBER IDENTIFIER
control field OSt
005 - DATE AND TIME OF LATEST TRANSACTION
control field 20211123085238.0
008 - FIXED-LENGTH DATA ELEMENTS--GENERAL INFORMATION
fixed length control field 210310s2004 ve ad fr 000 0 spa d
020 ## - INTERNATIONAL STANDARD BOOK NUMBER
International Standard Book Number 9806810015
040 ## - CATALOGING SOURCE
Original cataloging agency CO-JMCR
Transcribing agency CO-JMCR
041 0# - LANGUAGE CODE
Language code of text/sound track or separate title spa
082 04 - DEWEY DECIMAL CLASSIFICATION NUMBER
Classification number 337.18 /
Item number C822r
Edition number 23
110 2# - MAIN ENTRY--CORPORATE NAME
Corporate name or jurisdiction name as entry element Corporación Andina de Fomento
9 (RLIN) 38076
245 10 - TITLE STATEMENT
Title Reflexiones para retomar el crecimiento :
Remainder of title inserción internacional, transformación productiva e inclusión social /
Statement of responsibility, etc. Corporación Andina de Fomento
260 ## - PUBLICATION, DISTRIBUTION, ETC.
Place of publication, distribution, etc. Caracas :
Name of publisher, distributor, etc. Corporación Andina de Fomento,
Date of publication, distribution, etc. 2004
300 ## - PHYSICAL DESCRIPTION
Extent 247 páginas :
Other physical details ilustraciones y gráficas a color ;
Dimensions 27 cm.
490 0# - SERIES STATEMENT
Series statement Reporte de Economía y Desarrollo
500 ## - GENERAL NOTE
General note Incluye notas a pie de página.
504 ## - BIBLIOGRAPHY, ETC. NOTE
Bibliography, etc. note Bibliografía: páginas 227-247
505 0# - FORMATTED CONTENTS NOTE
Formatted contents note Hacia una mejor estrategia de desarrollo -- Inserción internacional e integración regional -- Transformación productiva: diversificación y agregación de valor -- El desafío de la inclusión social -- Financiamiento y gobernabilidad
520 3# - SUMMARY, ETC.
Summary, etc. En las últimas décadas, América Latina ha llevado adelante diversas estrategias de desarrollo y procesos de reforma. Pese a los avances, el inicio del nuevo milenio no ha sido esperanzador: el crecimiento de la región ha sido insuficiente para mejorar la calidad de vida de los latinoamericanos y se perpetúa el rezago con respecto a países desarrollados y otras economías en desarrollo.<br/>En este contexto, los responsables de elaborar políticas públicas en la región se preguntan ¿Cómo retomar un crecimiento económico de calidad, sostenible e incluyente? En la búsqueda de aportar nuevos planteamientos al debate de las políticas públicas, este libro plantea una serie de propuestas dirigidas a responder esta interrogante.<br/>Con esta publicación la CAF inicia la serie Reporte de Economía y Desarrollo - RED, destinada a identificar elementos que definan una propuesta integral que permita retomar el crecimiento de las economías latinoamericanas, enfatizando las potencialidades de una mayor participación en la economía global, mitigando los riesgos inherentes a la misma y propiciando la inclusión de todos los segmentos de la sociedad.
650 14 - SUBJECT ADDED ENTRY--TOPICAL TERM
Topical term or geographic name entry element Integración económica internacional
9 (RLIN) 18302
Geographic subdivision América Latina
650 24 - SUBJECT ADDED ENTRY--TOPICAL TERM
Topical term or geographic name entry element Relaciones económicas internacionales
Geographic subdivision América Latina
9 (RLIN) 10722
650 24 - SUBJECT ADDED ENTRY--TOPICAL TERM
Topical term or geographic name entry element Política económica
Geographic subdivision América Latina
9 (RLIN) 6784
942 ## - ADDED ENTRY ELEMENTS (KOHA)
Source of classification or shelving scheme Dewey Decimal Classification
Koha item type Books
Existencias
Withdrawn status Lost status Source of classification or shelving scheme Damaged status Not for loan Collection code Home library Current library Date acquired Source of acquisition Full call number Barcode Date last seen Copy number Koha item type Total Checkouts Price effective from
    Dewey Decimal Classification     Non-fiction Biblioteca Pública José María del Castillo y Rada Biblioteca Pública José María del Castillo y Rada 04/15/2018 Donación 337.18 / C822r 430004931 05/16/2024 Ej.1 Books    
    Dewey Decimal Classification     Non-fiction Biblioteca Pública José María del Castillo y Rada Biblioteca Pública José María del Castillo y Rada 04/15/2018 Donación 337.18 / C822r 430004932 05/16/2024 Ej.2 Books   11/23/2021